[Event "Remote Random email"]
[Site "Remote email"]
[Date "2014.05.04"]
[Round "?"]
[White "Scheer, Walter"]
[Black "Tortoza, Carlos Alberto"]
[Result "1-0"]
[WhiteElo "2298"]
[BlackElo "1560"]
[PlyCount "67"]
[EventDate "2014.??.??"]
[EventType "tourn (corr)"]
[EventRounds "11"]
[EventCountry "GER"]
[SourceTitle "Corr 2015"]
[Source "ChessBase"]
[SourceDate "2015.07.17"]
[SourceVersion "1"]
[SourceVersionDate "2015.07.17"]
[SourceQuality "1"]

1. d4 Nf6 2. Nf3 e6 3. Bg5 Be7 4. e3 Ne4 5. Bxe7 Qxe7 6. Bd3 d5 7. 0-0 0-0 8. Nbd2 f5 9. c4 c6 10. h3 Bd7 11. Rc1 Na6 12. Ne5 Be8 13. cxd5 Nb4 14. Bxe4 fxe4 15. dxc6 Bxc6 16. a3 Nd3 17. Nxc6 bxc6 18. Rxc6 Nxb2 19. Qb3 Nd3 20. Nxe4 h6 21. Rxe6 Qxe6 22. Qxe6+ Kh8 23. Qc4 Nb2 24. Qc2 Rab8 25. Rb1 Nc4 26. Rxb8 Rxb8 27. Qxc4 Rb1+ 28. Kh2 Ra1 29. d5 Rxa3 30. d6 Ra5 31. d7 Rf5 32. d8Q+ Kh7 33. Qcg8+ Kg6 34. Qde8+ 1-0

[Event "Remote Random email"]
[Site "Remote email"]
[Date "2014.03.21"]
[Round "?"]
[White "Witt, Monika"]
[Black "Scheer, Walter"]
[Result "0-1"]
[WhiteElo "1476"]
[BlackElo "2298"]
[PlyCount "42"]
[EventDate "2014.??.??"]
[EventType "tourn (corr)"]
[EventRounds "11"]
[EventCountry "GER"]
[SourceTitle "Corr 2015"]
[Source "ChessBase"]
[SourceDate "2015.07.17"]
[SourceVersion "1"]
[SourceVersionDate "2015.07.17"]
[SourceQuality "1"]

1. c4 g6 2. Nc3 Bg7 3. g3 c5 4. Nd5 Nc6 5. e3 e6 6. Nf4 Nf6 7. Bd3 0-0 8. Nf3 Re8 9. h3 e5 10. Ng2 e4 11. Qe2 d5 12. Ng5 exd3 13. Qxd3 h6 14. Nf3 Nb4 15. Qb3 dxc4 16. Qxc4 Be6 17. Qc3 Ne4 18. Qc4 Bxc4 19. b3 Nc2+ 20. Kd1 Nxa1 21. Ngh4 Nc3+ 0-1

[Event "Remote Pyramide email"]
[Site "Remote email"]
[Date "2013.12.20"]
[Round "?"]
[White "Scheer, Walter"]
[Black "Mueller, Achim"]
[Result "0-1"]
[WhiteElo "2298"]
[BlackElo "2472"]
[PlyCount "80"]
[EventDate "2013.??.??"]
[EventType "tourn (corr)"]
[EventRounds "6"]
[EventCountry "GER"]
[SourceTitle "Corr 2015"]
[Source "ChessBase"]
[SourceDate "2015.07.17"]
[SourceVersion "1"]
[SourceVersionDate "2015.07.17"]
[SourceQuality "1"]

1. d4 Nf6 2. c4 g6 3. Nc3 d5 4. cxd5 Nxd5 5. e4 Nxc3 6. bxc3 Bg7 7. Bc4 c5 8. Ne2 Nc6 9. Be3 0-0 10. Rc1 cxd4 11. cxd4 Qa5+ 12. Kf1 Qa3 13. Rc3 Qd6 14. h4 h5 15. f3 Rd8 16. Bd5 e5 17. Bg5 Bf6 18. dxe5 Qxe5 19. Bxf6 Qxf6 20. Qb3 Ne7 21. g3 Nxd5 22. exd5 b5 23. Kf2 Bb7 24. Rd1 Qb6+ 25. Kg2 b4 26. Rcd3 Qd6 27. Rd4 a5 28. a3 Ba6 29. Nf4 bxa3 30. Ra4 Rdc8 31. Rd2 Qe5 32. Rxa3 Rab8 33. Qd1 Rb2 34. Ra2 Rcb8 35. Raxb2 Rxb2 36. Qc1 Rxd2+ 37. Qxd2 a4 38. d6 Bb5 39. Qb4 Bd7 40. Qa3 Bc6 0-1

[Event "Remote S7E Pro-172 email"]
[Site "Remote email"]
[Date "2013.12.08"]
[Round "?"]
[White "Scheer, Walter"]
[Black "Koestner, Wolfgang"]
[Result "0-1"]
[WhiteElo "2303"]
[BlackElo "2367"]
[PlyCount "50"]
[EventDate "2013.??.??"]
[EventType "tourn (corr)"]
[EventRounds "6"]
[EventCountry "GER"]
[SourceTitle "Corr 2015"]
[Source "ChessBase"]
[SourceDate "2015.07.17"]
[SourceVersion "1"]
[SourceVersionDate "2015.07.17"]
[SourceQuality "1"]

1. d4 Nf6 2. c4 g6 3. Nc3 Bg7 4. e4 0-0 5. Be3 d6 6. f3 Nfd7 7. Qd2 c5 8. Nge2 Nc6 9. h4 h5 10. 0-0-0 a5 11. Kb1 Nb6 12. dxc5 Nxc4 13. Qc1 Nxe3 14. Qxe3 a4 15. a3 Be6 16. cxd6 exd6 17. Nf4 Bb3 18. Rd2 Ra5 19. Nb5 Qf6 20. Nxd6 Rd8 21. Nxb7 Rxd2 22. Qxd2 Ra7 23. Nc5 Nd4 24. Ncd3 Nc2 25. e5 Qd8 0-1

[Event "Remote S7E Pro-172 email"]
[Site "Remote email"]
[Date "2013.12.08"]
[Round "?"]
[White "Scheer, Walter"]
[Black "Leisebein, Peter"]
[Result "0-1"]
[WhiteElo "2303"]
[BlackElo "2453"]
[PlyCount "48"]
[EventDate "2013.??.??"]
[EventType "tourn (corr)"]
[EventRounds "6"]
[EventCountry "GER"]
[SourceTitle "Corr 2015"]
[Source "ChessBase"]
[SourceDate "2015.07.17"]
[SourceVersion "1"]
[SourceVersionDate "2015.07.17"]
[SourceQuality "1"]

1. d4 d5 2. c4 dxc4 3. Nf3 a6 4. e4 b5 5. a4 Bb7 6. Nc3 b4 7. Bxc4 e6 8. Qb3 Nc6 9. a5 Nxd4 10. Nxd4 Qxd4 11. Be3 Qe5 12. 0-0 0-0-0 13. f4 Qh5 14. Be2 Qg6 15. Bf3 Rd3 16. Rae1 e5 17. Qc4 Rxe3 18. Rxe3 Qc6 19. Qxf7 Nh6 20. Qb3 Bc5 21. Ne2 exf4 22. Nxf4 Qd6 23. g3 g5 24. Ng2 Re8 0-1

[Event "Remote Random email"]
[Site "Remote email"]
[Date "2013.08.02"]
[Round "?"]
[White "Pieleck, Rudolf"]
[Black "Scheer, Walter"]
[Result "0-1"]
[WhiteElo "1649"]
[BlackElo "2291"]
[PlyCount "52"]
[EventDate "2013.??.??"]
[EventType "tourn (corr)"]
[EventRounds "6"]
[EventCountry "GER"]
[SourceTitle "Corr 2015"]
[Source "ChessBase"]
[SourceDate "2015.07.17"]
[SourceVersion "1"]
[SourceVersionDate "2015.07.17"]
[SourceQuality "1"]

1. e4 d6 2. d4 Nf6 3. Nc3 g6 4. Nf3 Bg7 5. Be2 0-0 6. 0-0 Bg4 7. e5 dxe5 8. dxe5 Nfd7 9. h3 Bf5 10. Bd3 Nxe5 11. Bxf5 Qxd1 12. Rxd1 Nxf3+ 13. gxf3 gxf5 14. Bf4 c6 15. Kh2 Na6 16. Rd7 e5 17. Be3 f4 18. Bc5 Nxc5 19. Re7 Bf6 20. Rc7 Bd8 21. Rg1+ Kh8 22. Ne4 Nxe4 23. Rxb7 Nd2 24. Kh1 Nxf3 25. Rd1 Bb6 26. Kg2 e4 0-1

[Event "Remote Random email"]
[Site "Remote email"]
[Date "2013.05.05"]
[Round "?"]
[White "Klebe, Dieter"]
[Black "Scheer, Walter"]
[Result "0-1"]
[WhiteElo "1620"]
[BlackElo "2291"]
[PlyCount "48"]
[EventDate "2013.??.??"]
[EventType "tourn (corr)"]
[EventRounds "6"]
[EventCountry "GER"]
[SourceTitle "Corr 2015"]
[Source "ChessBase"]
[SourceDate "2015.07.17"]
[SourceVersion "1"]
[SourceVersionDate "2015.07.17"]
[SourceQuality "1"]

1. d4 d5 2. c4 e6 3. Nc3 c5 4. cxd5 exd5 5. e3 Nc6 6. Nf3 Nf6 7. Be2 Bd6 8. 0-0 0-0 9. dxc5 Bxc5 10. a3 Bd6 11. Nxd5 Nxd5 12. Qxd5 Bxh2+ 13. Kxh2 Qxd5 14. Rd1 Qh5+ 15. Kg1 Bg4 16. Rd2 Rfd8 17. Rxd8+ Rxd8 18. Bd2 Rd6 19. Rd1 Rh6 20. Kf1 Qh1+ 21. Ng1 Rh2 22. Bxg4 Qxg2+ 23. Ke2 Qxg4+ 24. Nf3 Qc4+ 0-1

[Event "Remote Random email"]
[Site "Remote email"]
[Date "2013.05.05"]
[Round "?"]
[White "Scheer, Walter"]
[Black "Pieleck, Rudolf"]
[Result "1-0"]
[WhiteElo "2291"]
[BlackElo "1649"]
[PlyCount "45"]
[EventDate "2013.??.??"]
[EventType "tourn (corr)"]
[EventRounds "6"]
[EventCountry "GER"]
[SourceTitle "Corr 2015"]
[Source "ChessBase"]
[SourceDate "2015.07.17"]
[SourceVersion "1"]
[SourceVersionDate "2015.07.17"]
[SourceQuality "1"]

1. d4 d5 2. c4 e6 3. Nc3 c5 4. cxd5 exd5 5. Nf3 Nc6 6. g3 Nf6 7. Bg2 Be7 8. 0-0 c4 9. Ne5 Nxe5 10. dxe5 Nd7 11. Qxd5 0-0 12. Bf4 Nb6 13. Qxd8 Bxd8 14. Rfd1 Bc7 15. a4 Nd7 16. e6 fxe6 17. Bxc7 a5 18. Ne4 Ra7 19. Rac1 b5 20. Bd6 Re8 21. axb5 Rb7 22. Ba3 Rxb5 23. Nd6 1-0

[Event "Remote Random-154 email"]
[Site "Remote email"]
[Date "2013.03.06"]
[Round "?"]
[White "Scheer, Walter"]
[Black "Pieleck, Rudolf"]
[Result "1-0"]
[WhiteElo "2263"]
[BlackElo "1631"]
[PlyCount "59"]
[EventDate "2013.??.??"]
[EventType "tourn (corr)"]
[EventRounds "6"]
[EventCountry "GER"]
[SourceTitle "Corr 2015"]
[Source "ChessBase"]
[SourceDate "2015.07.17"]
[SourceVersion "1"]
[SourceVersionDate "2015.07.17"]
[SourceQuality "1"]

1. d4 d5 2. c4 e6 3. Nc3 Nf6 4. Bg5 Be7 5. e3 0-0 6. Nf3 Nbd7 7. Bd3 dxc4 8. Bxc4 a6 9. a4 Nb6 10. Bd3 Nbd5 11. 0-0 Nxc3 12. bxc3 Nd5 13. Bxe7 Qxe7 14. Qc2 c5 15. Bxh7+ Kh8 16. Be4 c4 17. Ne5 Nf6 18. Rab1 Rb8 19. Nc6 bxc6 20. Rxb8 Qc7 21. Rb4 Ng4 22. g3 a5 23. Rxc4 Bb7 24. Rc5 Ba6 25. Rb1 Bb7 26. Qb3 Rc8 27. Qxb7 g6 28. Rxc6 Qxb7 29. Rxb7 Rxc6 30. Bxc6 1-0

[Event "Remote 4 Seasons Autumn email"]
[Site "Remote email"]
[Date "2012.11.01"]
[Round "?"]
[White "Leisebein, Peter"]
[Black "Scheer, Walter"]
[Result "1-0"]
[WhiteElo "2367"]
[BlackElo "2219"]
[PlyCount "43"]
[EventDate "2012.??.??"]
[EventType "tourn (corr)"]
[EventRounds "12"]
[EventCountry "GER"]
[SourceTitle "Corr 2015"]
[Source "ChessBase"]
[SourceDate "2015.07.17"]
[SourceVersion "1"]
[SourceVersionDate "2015.07.17"]
[SourceQuality "1"]

1. d4 Nf6 2. f3 e6 3. e4 d5 4. e5 Nfd7 5. c3 c5 6. f4 Nc6 7. Nf3 Be7 8. a3 0-0 9. Bd3 Qb6 10. h4 h6 11. b4 c4 12. Bc2 a5 13. b5 Qxb5 14. a4 Qb6 15. Na3 Nb4 16. Bb1 Qc6 17. Nb5 Nb6 18. cxb4 axb4 19. Qc2 g6 20. h5 b3 21. Qf2 Bb4+ 22. Ke2 1-0

[Event "Remote S7E Pioneer-49 email"]
[Site "Remote email"]
[Date "2012.08.02"]
[Round "?"]
[White "Hahner, Anton"]
[Black "Scheer, Walter"]
[Result "1-0"]
[WhiteElo "2275"]
[BlackElo "2215"]
[PlyCount "77"]
[EventDate "2012.??.??"]
[EventType "tourn (corr)"]
[EventRounds "6"]
[EventCountry "GER"]
[SourceTitle "Corr 2015"]
[Source "ChessBase"]
[SourceDate "2015.07.17"]
[SourceVersion "1"]
[SourceVersionDate "2015.07.17"]
[SourceQuality "1"]

1. d4 Nf6 2. Nf3 e6 3. c4 d5 4. Nc3 Nbd7 5. e3 c6 6. Bd3 dxc4 7. Bxc4 b5 8. Bd3 Bb7 9. 0-0 a6 10. e4 b4 11. Na4 c5 12. e5 Nd5 13. Bg5 Qa5 14. dxc5 h6 15. Bd2 Bc6 16. Bc2 Bb5 17. Re1 Nxc5 18. Nxc5 Bxc5 19. a4 Bc6 20. Qe2 Qb6 21. a5 Qa7 22. Bd3 0-0 23. Rec1 Rfc8 24. Bxa6 Bxf2+ 25. Qxf2 Qxa6 26. Nd4 Bd7 27. Nb3 Be8 28. h3 Rc4 29. Nc5 Rxc1+ 30. Bxc1 Qb5 31. a6 Qb8 32. Qd4 Bb5 33. Kh2 Ra7 34. Be3 Qa8 35. Bg1 Qc6 36. Qg4 g6 37. Qh4 Kh7 38. Bd4 Bxa6 39. Nxe6 1-0

[Event "Regionalliga NW 1112"]
[Site "Bayern"]
[Date "2011.12.11"]
[Round "4.8"]
[White "Scheer, Walter"]
[Black "Wuest, Carolin"]
[Result "0-1"]
[WhiteElo "1784"]
[BlackElo "1177"]
[PlyCount "72"]
[EventDate "2011.10.02"]
[EventType "team-tourn"]
[EventRounds "9"]
[EventCountry "GER"]
[SourceTitle "EXT 2013"]
[Source "ChessBase"]
[SourceDate "2012.11.22"]
[SourceVersion "1"]
[SourceVersionDate "2012.11.22"]
[SourceQuality "1"]
[WhiteTeam "Mainaschaff"]
[BlackTeam "Hof"]
[WhiteTeamCountry "GER"]
[BlackTeamCountry "GER"]

1. d4 d5 2. Nf3 Nf6 3. c4 c6 4. Nc3 e6 5. Bg5 Be7 6. e3 Nbd7 7. Rc1 0-0 8. Bd3 dxc4 9. Bxc4 c5 10. 0-0 b6 11. Qe2 Bb7 12. Rfd1 cxd4 13. exd4 Rc8 14. Bb3 Bb4 15. h3 Qe7 16. Ne5 Rfd8 17. Ba4 Nb8 18. Ng4 Nc6 19. Bxf6 gxf6 20. Qe3 Kh8 21. Bc2 f5 22. Ne5 Nxe5 23. Qxe5+ Kg8 24. Rd3 f6 25. Rg3+ Kf7 26. Qf4 Bd6 27. Qh6 Bxg3 28. Qxh7+ Ke8 29. Qxe7+ Kxe7 30. fxg3 Rg8 31. Kf2 Rcd8 32. Rd1 Rd7 33. Bd3 Rdd8 34. Be2 Rd7 35. Bf3 Bxf3 36. gxf3 Rgd8 0-1